00733cam a22002052 4500001001100000005001700011008004100028020002600069040001500095050002200110100003400132245011400166250001200280260004800292300003700340650003900377650003800416650003700454700003600491000000447920151217145810.0070523s xx 000 0 eng d a9814033588 :cKES 902 aKABUcKABU 0aQA76.9b.H46 19981 aHennessy, John L.@000014819310aComputer organization and design :bthe hardware/software interface /cJohn L. Hennessy, David A. Patterson. a2nd ed. aSingapore :bHarcourt Asia PTE Ltd,cc1998. a1 v. (various pagings) ;c24 cm. 0aComputer organization.@0000148192 0aComputer engineering.@0000155067 0aComputer interfaces.@00001550681 aPatterson, David A.@0000148191